000 00305 a2200157 4500
001 179922
020 _a
040 _cMagnum
100 _aZiraldo
240 1 0 _aAlem do rio
_lpor
245 1 0 _aAlem do rio
362 0 _a1899
440 1 _aMelhoramentos
697 _aMAGNITO: I/GERAL
942 _cBK
999 _c179922
_d179922